00988nam a22002657a 450000100060000000300060000600500170001200800410002902000150007004000290008505000180011408200110013210000220014324500830016525000470024826000370029530000660033250500080039852001850040652100230059152100200061465000320063465000200066670000360068610117FISKH20260421141710.0260421b cb ||||| |||| 00| 0 eng d a0439141338 aFISKHbengcFISKHdFISKH aPZ7 .W8606 .M a813.54 aWoodruff , Elvira aThe memory coat / cStory by Elvira Woodrugg : Illustration by Michael Dooling aFirst Scholastic printing , September 1999 aNew York : bScholastic ,c1999. a32 unnumbered pages : bcolor illustrations ; c23 X 25 cm .  aV  aIn the early 1900s, two cousins leave their Russian shtetl with the rest of their family to come to America, hopeful that they will all pass the dreaded inspection at Ellis Island.8 a860 bLexile AD 8 aV bRaz-Plus  aRussian immigrantsvFiction aJewishvFiction aDooling , MichaeleIllustrator